Histoire de la littérature hindoui et hindoustani / (Record no. 68496)

MARC details
000 -LEADER
campo de control de longitud fija 00618nam a22001815i 4500
001 - NÚMERO DE CONTROL
campo de control 68496
003 - IDENTIFICADOR DE NÚMERO DE CONTROL
campo de control ES-MaACL
005 - FECHA Y HORA DE LA ÚLTIMA TRANSACCIÓN
campo de control 20230906170310.0
007 - CAMPO FIJO DE DESCRIPCIÓN FÍSICA--INFORMACIÓN GENERAL
campo de control de longitud fija t|
008 - DATOS DE LONGITUD FIJA--INFORMACIÓN GENERAL
campo de control de longitud fija 960807m18391847fr ||||1| fre d
040 ## - FUENTE DE CATALOGACIÓN
Centro catalogador/agencia de origen CAM
Lengua de catalogación spa
Centro/agencia transcriptor CAM
100 1# - ENTRADA PRINCIPAL--NOMBRE DE PERSONA
Nombre de persona Garcin de Tassy, Joseph Heliodore.
9 (RLIN) 55475
245 10 - MENCIÓN DEL TÍTULO
Título Histoire de la littérature hindoui et hindoustani /
Mención de responsabilidad, etc. par Garcin de Tassy.
260 ## - PUBLICACIÓN, DISTRIBUCIÓN, ETC.
Lugar de publicación, distribución, etc. Paris :
Nombre del editor, distribuidor, etc. The oriental translation committee of Great Britain and Ireland,
Fecha de publicación, distribución, etc. 1839-47 (
Fabricante B. Duprat)
300 ## - DESCRIPCIÓN FÍSICA
Extensión 2 v. ;
Dimensiones 26 cm.
650 #4 - PUNTO DE ACCESO ADICIONAL DE MATERIA--TÉRMINO DE MATERIA
Término de materia o nombre geográfico como elemento de entrada Literatura india-
Subdivisión general Historia y crítica.
9 (RLIN) 162866
852 ## - LOCALIZACIÓN
Ubicación ES-MaACL
Número de control de estantería G-9745-6
Holdings
Estatus retirado Estado de pérdida Estado de daño No para préstamo Colección Biblioteca de origen Biblioteca actual Ubicación en estantería Fecha de adquisición Fuente de adquisición Total de préstamos Signatura topográfica completa Código de barras Visto por última vez Precio de reemplazo Tipo de ítem Koha
        Libros del s. XIX Biblioteca del Ateneo de Madrid Biblioteca del Ateneo de Madrid Sala Pecera Planta 3 17/01/2008     G-9745-6 1071704 23/02/2023 23/02/2023 Libro impreso antiguo